000 00415nam a2200181Ia 4500
005 20240823042449.0
008 240823s9999||||xx |||||||||||||| ||und||
041 _aENGLISH
082 _A540 P0
100 _aNeelakantn M A et al.
245 0 _aApplied Chemistry
250 _a1st
260 _c2000
_bAnnai Publi
500 _aTRANSFERED
650 _aChemistry
_bChemistry
942 _cBK
999 _c207923
_d207923